Online
Catalog

Código tributario, impuestos y exenciones / (Record no. 3078)

MARC details
000 -CABECERA
campo de control de longitud fija 01423nam a2200241 a 4500
001 - NÚMERO DE CONTROL
campo de control 000003247
003 - IDENTIFICADOR DEL NÚMERO DE CONTROL
campo de control DO-SdBNP
005 - FECHA Y HORA DE LA ÚLTIMA TRANSACCIÓN
campo de control 20260422131638.0
008 - DATOS DE LONGITUD FIJA--INFORMACIÓN GENERAL
campo de control de longitud fija 090707s2009 dr 000 0 spa d
040 ## - FUENTE DE LA CATALOGACIÓN
Centro catalogador/agencia de origen DO-SdBNP
Lengua de catalogación spa
Centro/agencia transcriptor BNPHU
082 ## - NÚMERO DE LA CLASIFICACIÓN DECIMAL DEWEY
Número de clasificación 343
Número de documento/Ítem B262c
100 1# - ENTRADA PRINCIPAL--NOMBRE DE PERSONA
Nombre de persona Barnichta Geara, Edgar,
Fechas asociadas al nombre 1958-
9 (RLIN) 7487
245 10 - MENCIÓN DE TÍTULO
Título Código tributario, impuestos y exenciones /
Mención de responsabilidad, etc. Edgar Barnichta Geara.
260 ## - PUBLICACIÓN, DISTRIBUCIÓN, ETC.
Lugar de publicación, distribución, etc. Santo Domingo :
Nombre del editor, distribuidor, etc. Búho,
Fecha de publicación, distribución, etc. 2009.
300 ## - DESCRIPCIÓN FÍSICA
Extensión 614 p. ;
Dimensiones 23 cm.
500 ## - NOTA GENERAL
Nota general Incluye índice.
500 ## - NOTA GENERAL
Nota general Código tributario, renta, ITBIS, selectivo, activos, reglamentos, procedimientos simplificados de tributación, bancas, casinos, tragamonedas, combustibles, compañias, operaciones inmobiliarias, propiedad inmobiliaria (IVSS-IPI), sucesiones y donaciones, vehículos de motor, cámaras de comercio y producción, competitividad e innovación industrial energías renovables, exportaciones, organizaciones no lucrativas, pensionados y rentistas, textiles y pieles, turismo, zonas francas comerciales, zonas francas comerciales en hoteles, zonas francas, desarrollo fronterizo, zonas financieras, autonomía DGIL, comprobantes fiscales, impresoras fiscales.
650 #0 - PUNTO DE ACCESO ADICIONAL DE MATERIA--TÉRMINO DE MATERIA
Término de materia o nombre geográfico como elemento de entrada Impuestos
Subdivisión general Leyes y legislación
9 (RLIN) 9338
650 #4 - PUNTO DE ACCESO ADICIONAL DE MATERIA--TÉRMINO DE MATERIA
Término de materia o nombre geográfico como elemento de entrada Impuestos sobre la renta
Subdivisión general Legislación
Subdivisión geográfica República Dominicana
9 (RLIN) 9399
650 #4 - PUNTO DE ACCESO ADICIONAL DE MATERIA--TÉRMINO DE MATERIA
Término de materia o nombre geográfico como elemento de entrada Exención de impuestos
9 (RLIN) 10233
650 #4 - PUNTO DE ACCESO ADICIONAL DE MATERIA--TÉRMINO DE MATERIA
Término de materia o nombre geográfico como elemento de entrada Incentivos tributarios
9 (RLIN) 10234
942 ## - ELEMENTOS DE PUNTO DE ACCESO ADICIONAL (KOHA)
Fuente del sistema de clasificación o colocación Dewey Decimal Classification
Tipo de ítem Koha Libro
Holdings
Estado de retiro Estado de pérdida No para préstamo Código de colección Localización permanente Ubicación/localización actual Ubicación en estantería Fecha de adquisición Número de inventario Total de préstamos Signatura topográfica completa Código de barras Fecha visto por última vez Precio válido a partir de Tipo de ítem Koha Número de copia
    Excluido de préstamo Patrimonio Dominicano Patrimonio Dominicano Patrimonio Dominicano En catalogación 07.07.2009 LF1   343 B262c 3247-10 25.06.2020 25.06.2020 Libro y Folleto Colección Patrimonio Dominicano  
    Excluido de préstamo Patrimonio Dominicano Patrimonio Dominicano Patrimonio Dominicano En catalogación 07.07.2009 LF1   343 B262c 3247-20 25.06.2020 25.06.2020 Libro y Folleto Colección Patrimonio Dominicano e.2

Powered by Koha